Mládež a tolerancia. Práca s problémovou triedou

Podrobná bibliografia
Hlavný autor: Capová, Ľudmila (Author)
Médium: Článok
Jazyk:Slovak
Témy:
ISBN: 80-969277-6-0
Zdroj: 1. Tradície, premeny a perspektívy psychologického poradenstva a súčasná škola 1. Košice : Pedagogicko-psychologická poradňa pre stredné školy v Košiciach, 2005 1. 80-969277-6-0 1. S. 189-194
LEADER 00997naa a2200337 a 4500
001 000082821
003 SVKKK
005 20070226110755.0
008 070216c2005 xo e slo
FMT
038 |a SVKKK 
040 |a SVKKK  |b slo  |e AACR2 
041 0 |a slo  |b slo 
044 |a xo  |c SK 
080 |a 316.647.5  |2 1997 
080 |a 37.04  |2 1997 
080 |a 616.89-008.444.9  |2 1997 
090 |a III.204897 
100 1 |a Capová, Ľudmila  |4 aut 
245 1 0 |a Mládež a tolerancia. Práca s problémovou triedou  |c Ľudmila Capová 
504 |a Res. slov. 
650 0 4 |a tolerancia  |x agresivita  |x triedny kolektív  |x životné hodnoty 
651 4 |a Slovensko 
773 0 |t Tradície, premeny a perspektívy psychologického poradenstva a súčasná škola  |d Košice : Pedagogicko-psychologická poradňa pre stredné školy v Košiciach, 2005  |z 80-969277-6-0  |g S. 189-194 
958 |a ZB 
974 |a Fav 
992 |a RZB 
BAS
852 |a SVKKK  |b BIB 
EXP
998 |a SLO